000
00263nam a2200097Ia 4500
008
220204s9999 xx 000 0 und d
082
_a
330.342000
_b
HUM
245
0
_a
Human development report 2000
260
_a
New Delhii
_b
Oxford University Press
_c
2000
942
_c
BK
999
_c
41836
_d
41836